Manual de evaluación de impacto ambiental (Registro nro. 4882)

Detalles MARC
000 -LEADER
fixed length control field 02190 a2200289 4500
001 - CONTROL NUMBER
control field 49787
005 - DATE AND TIME OF LATEST TRANSACTION
control field 20260407155759.0
008 - FIXED-LENGTH DATA ELEMENTS--GENERAL INFORMATION
fixed length control field 260407a1998 arg spa d
003 - CONTROL NUMBER IDENTIFIER
control field AR-UNSa-BCEJYS
040 ## - CATALOGING SOURCE
Original cataloging agency AR-UNSa-BCEJYS
Language of cataloging spa
Transcribing agency AR-UNSa-BCEJYS
080 ## - UNIVERSAL DECIMAL CLASSIFICATION NUMBER
Universal Decimal Classification number 504.06
Common auxiliary subdivision Protección del medio ambiente. Gestión de la calidad del medio ambiente
020 ## - INTERNATIONAL STANDARD BOOK NUMBER
International Standard Book Number 84-481-1251-2
041 ## - LANGUAGE CODE
Language code of text/sound track or separate title spa
100 1# - MAIN ENTRY--PERSONAL NAME
Personal name Canter, Larry W.
245 10 - TITLE STATEMENT
Title Manual de evaluación de impacto ambiental
Name of part/section of a work técnicas para la elaboración de estudios de impacto
250 ## - EDITION STATEMENT
Edition statement 2a. ed.
264 #1 - PRODUCTION, PUBLICATION, DISTRIBUTION, MANUFACTURE, AND COPYRIGHT NOTICE
Place of production, publication, distribution, manufacture Madrid :
Name of producer, publisher, distributor, manufacturer McGraw-Hill
Date of production, publication, distribution, manufacture, or copyright notice 1998
300 ## - PHYSICAL DESCRIPTION
Extent xxiv, 841 p.
Dimensions 25 cm.
505 ## - FORMATTED CONTENTS NOTE
Formatted contents note 1. La Ley de la política ambiental nacional y su aplicación - 2. Planificación y gestión de los estudios de impacto - 3. Métodos simples de identificación de impacto: matrices, diagramas de redes y listas de control - 4. Descripción del emplazamiento ambiental - 5. Índice e indicadores ambientales que describen el medio afectado - 6. Predicción y evaluación de impactos sobre el medio ambiente atmosférico - 7. Predicción y evaluación de impactos en las aguas superficiales - 8. Predicción y evaluación de impactos en el suelo y aguas subterráneas - 9. Predicción y evaluación de impactos sonoros en el tiempo - 10. Predicción y evaluación de impactos sobre el medio biótico - 11. Métodos básicos en el hábitat para la predicción y evaluación del impacto biótico - 12. Predicción y evaluación de impactos en el medio ambiente cultural - 13. Predicción y evaluación de impactos visuales - 14. Previsión y evaluación de impactos en el medio ambiente - 15. Métodos de decisión para la evaluación de alternativas - 16. Participación pública en la toma de decisiones ambiental - 17. Preparación de la documentación - 18. Vigilancia ambiental.
590 ## - LOCAL NOTE (RLIN)
Local note niveau_biblio:m niveau_hierar:0
700 1# - ADDED ENTRY--PERSONAL NAME
Personal name Español Echániz, Ignacio
700 1# - ADDED ENTRY--PERSONAL NAME
Personal name Castillo González, Isabel del
700 1# - ADDED ENTRY--PERSONAL NAME
Personal name Alós Cortés, Mercedes
700 1# - ADDED ENTRY--PERSONAL NAME
Personal name Álvarez-Villamil Bárcena, Genoveva
856 41 - ELECTRONIC LOCATION AND ACCESS
Uniform Resource Identifier <a href="https://www.biblioeco.unsa.edu.ar/pmb/images/libros/L128180.jpg">https://www.biblioeco.unsa.edu.ar/pmb/images/libros/L128180.jpg</a>
Link text Imagen de portada
Electronic format type image/jpeg
942 ## - ADDED ENTRY ELEMENTS (KOHA)
Koha item type
Existencias
Withdrawn status Lost status Damaged status Not for loan Home library Current library Shelving location Date acquired Total checkouts Full call number Barcode Date last seen Price effective from Koha item type
        Biblioteca Prof. Eusebio Cleto del Rey Biblioteca Prof. Eusebio Cleto del Rey   07/04/2026   504.06 C229 L128180 07/04/2026 07/04/2026 Libro